Sakura- SAIKO - Estadísticas

Estadísticas generales
  • Esta prueba ha sido intentada 309 veces
  • La puntuación promedio es 13 de 16
Estadísticas de respuestas
Hint Respuesta % Correcto
Ft. JC Reyes, Dei V Badgyal
96%
Ft. Quevedo, Feid, Mora Polaris remix
93%
Ft. Bryan Myers Eskeleto
91%
Ft. Dellafuente Luna
91%
Ft. Omar Montes Yo lo soñe
87%
3 caídas
85%
Ft. Mora Número Telefónico
82%
Ft. J Balvin Cometa Halley
81%
Ángel de la guarda (póstumo)
75%
Ft. Sky Rompiendo Nana del hilo rojo
75%
Supernova
75%
Finales de Agosto
74%
Ft. Calleb Calloway La Rijana
74%
Ft. Sky Rompiendo Boreal
73%
Como suenan las estrellas
72%
Hey bb
72%
No se encontraron pruebas coincidentes
Distribución de puntuación
Porcentaje de gente con cada puntuación
Porcentaje por número respondido
Historial de tus puntuaciones
No has intentado esta prueba.